| 000 | 00423 a2200145 4500 | ||
|---|---|---|---|
| 999 |
_c12056 _d12056 |
||
| 003 | OSt | ||
| 005 | 20240117161842.0 | ||
| 008 | 240117b ||||| |||| 00| 0 eng d | ||
| 020 | _a9781890449230 | ||
| 082 | _a720.1 | ||
| 100 | _a Scott Johnson ;Joseph Giovannini | ||
| 245 | _aFigure/ground : a design conversation with Scott Johnson and Bill Fain ; Morris Newman, editor | ||
| 260 |
_bBalcony Press _c2004 |
||
| 942 | _2ddc | ||